Ο υπόδουλος ελληνισμός της Ασιατικής Ελλάδος : εθνικώς και γλωσσικώς εξεταζόμενος

Αποθηκεύτηκε σε:
Λεπτομέρειες βιβλιογραφικής εγγραφής
Κύριος συγγραφέας: Παπαδόπουλος, Άνθιμος Α., 1878-1962
Μορφή: Βιβλίο
Γλώσσα:Greek
Δημοσίευση: Εν Αθήναις : Βιβλιοπωλείον Ιωάν. Ν. Σιδέρη, 1919.
Σειρά:(Σύλλογος προς διάδοσιν ωφέλιμων βιβλίων ; 3)
Θέματα:
Ετικέτες: Προσθήκη ετικέτας
Δεν υπάρχουν, Καταχωρήστε ετικέτα πρώτοι!

MARC

LEADER 00000cam a2200000 i 4500
001 1/98741
008 950320s1919####gr 0|| | gre||
035 |l 10011044 
040 |a GR-MY-UA  |b gre  |e aacr 
041 0 |a gre 
082 0 |a 956.1  
100 1 |a Παπαδόπουλος, Άνθιμος Α.,   |d 1878-1962. 
245 1 2 |a Ο υπόδουλος ελληνισμός της Ασιατικής Ελλάδος :   |b εθνικώς και γλωσσικώς εξεταζόμενος /   |c Α. Α. Παπαδόπουλου.  
260 |a Εν Αθήναις :   |b Βιβλιοπωλείον Ιωάν. Ν. Σιδέρη,   |c 1919.  
300 |a 144 σ.  
490 1 |a (Σύλλογος προς διάδοσιν ωφέλιμων βιβλίων ;   |v 3)  
500 |a Μόνο για ανάγνωση. Βρίσκεται σε ειδικό ράφι. Διαθέσιμο εάν ζητηθεί.  
650 0 0 |a Greeks  |z Turkey  |x History. 
650 0 0 |a Greeks  |z Turkey  |x Ethnic identity. 
650 0 0 |a Greek language  |x Dialects  |z Turkey. 
651 0 |a Turkey  |x Ethnic relations. 
852 |a INST  |b LESVOS  |e 19950320  |h 956.1 ΠΑΠ  |p 005100002251  |q 005100002251  |t BK  |y 0 
909 |a Λ  |b 038237 
970 |z 2000/05/ΟΙΚΟΝΟΜΟΠΟΥΛΟΥ ΧΡΙΣΤΙΝΑ